00555nam a22001457a 4500003000500000038001800005082000800023100001800031245017700049264003300226300002400259650003600283700003200319856005800351NUST aNusrat Nadeem a200 aSadia, Khansa aIdentification of the Barriers to Implementation of Blockchain Technology in Cold Food Supply Chain: An Integrated Approach of Fuzzy DEMATEL and Fuzzy-SBWM/cKhansa Sadia,  aIslamabad;bNBS NUST;c2024. a86,p;bill;c30,cm. aMS-Operations and Supply Chain  aSupervisor: Dr. Waqas Ahmed u http://10.250.8.41:8080/xmlui/handle/123456789/45388